| 000 | 00329 a2200085 4500 | ||
|---|---|---|---|
| 020 | _a9783037612910 | ||
| 100 | _aNiklaus Graber and Kashef Chowdhury | ||
| 245 | _aRising Oceans & Spaces That Care: Complexities and ideas behind the Friendship Hospital by Kashef Chowdhury / URBANA in Bangladesh | ||
| 260 |
_b Quart Publishers _c2024 |
||
| 999 |
_c13316 _d13316 |
||